American national government : (Record no. 2433)

MARC details
000 -LEADER
fixed length control field 00544nam a2200181 4500
001 - CONTROL NUMBER
control field 3028
005 - DATE AND TIME OF LATEST TRANSACTION
control field 20181127170340.0
010 00 - LIBRARY OF CONGRESS CONTROL NUMBER
LC control number
020 00 - INTERNATIONAL STANDARD BOOK NUMBER
International Standard Book Number 0155675001
090 00 - LOCALLY ASSIGNED LC-TYPE CALL NUMBER (OCLC); LOCAL CALL NUMBER (RLIN)
Classification number (OCLC) (R) ; Classification number, CALL (RLIN) (NR) 320.473 B1871a 1997
100 00 - MAIN ENTRY--PERSONAL NAME
Personal name
245 00 - TITLE STATEMENT
Title American national government :
Remainder of title A reader.
Medium
250 00 - EDITION STATEMENT
Edition statement 2nd ed.
260 00 - PUBLICATION, DISTRIBUTION, ETC.
Place of publication, distribution, etc. Fort Worth, TX :
Name of publisher, distributor, etc. Harcourt Brace College Publishers,
Date of publication, distribution, etc. 1997.
300 00 - PHYSICAL DESCRIPTION
Extent 156 p.
500 00 - GENERAL NOTE
General note "Compiled by the faculty of the Department of Political Science, Ball State University."
650 00 - SUBJECT ADDED ENTRY--TOPICAL TERM
Topical term or geographic name entry element United States --Politics and government.
General subdivision
Holdings
Withdrawn status Lost status Source of classification or shelving scheme Damaged status Not for loan Collection code Home library Current library Shelving location Serial Enumeration / chronology Inventory number Total Checkouts Full call number Barcode Date last seen Price effective from Koha item type
    Dewey Decimal Classification     Main TEST RTC Library RTC Library Main opac 2179   320.473 AME 30005826 27/11/2018 27/11/2018 Main
Royal Thimphu College || All Right Reserved